00524pab a2200157 454500008003600000100001600036245006200052650001300114650001300127650002200140650002900162773003400191909001000225999001700235952011400252180718b xxu||||| |||| 00| 0 eng d aAnand, P.B. aIndia's urban housing: theory and policy (Review article) a Shelter a Housing a Housing - Policy aHousing - Policy - India aEconomic and Political Weekly a23047 c23047d23047 00104070aIIPAbIIPAd2018-07-19hIssue no: 27(38) 19 Sep.92, p.2045-6pAR23116r2018-07-19w2018-07-19yAR